000 01170nam a2200313Ia 4500
001 ebr10310587
003 CaPaEBR
006 m u
007 cr cn|||||||||
008 090331s2009 njua s 001 0 eng d
010 _z 2009013332
020 _z9780470439548 (cloth)
040 _aCaPaEBR
_cCaPaEBR
035 _a(OCoLC)412767808
050 1 4 _aQD79.C45
_bM425 2009eb
100 1 _aMcNair, Harold Monroe,
_d1933-
245 1 0 _aBasic gas chromatography
_h[electronic resource] /
_cHarold M. McNair, James M. Miller.
250 _a2nd ed.
260 _aHoboken, NJ :
_bJohn Wiley & Sons,
_c2009.
300 _axiii, 239 p. :
_bill.
500 _aIncludes index.
533 _aElectronic reproduction.
_bPalo Alto, Calif. :
_cebrary,
_d2009.
_nAvailable via World Wide Web.
_nAccess may be limited to ebrary affiliated libraries.
650 0 _aGas chromatography.
650 0 _aChromatographic analysis.
655 7 _aElectronic books.
_2local
700 1 _aMiller, James M.,
_d1933-
710 2 _aebrary, Inc.
856 4 0 _uhttp://site.ebrary.com/lib/rucke/Doc?id=10310587
_zAn electronic book accessible through the World Wide Web; click to view
999 _c62047
_d62047